00429nam a22001457a 4500003000400000005001700004008004100021040000800062050001000070082001000080100003200090245011000122260004100232300001000273OSt20250201062232.0250201b |||||||| |||| 00| 0 eng d cDLC aED21C aED21C a Edappulavan, Jipson Joseph aCelebration of Mutuality:bIn the Sacrament of Covenantal love-Relationshipcby Jipson Joseph Edappulavan aBangalore:bOmega Book World,c2022. a467p.